[Event "Guelph Fall ProAm"]
[Site "Guelph CAN"]
[Date "2014.11.02"]
[Round "4"]
[White "Plotkin, Victor"]
[Black "Preotu, Razvan"]
[Result "1/2-1/2"]
[WhiteElo "2460"]
[BlackElo "2531"]
[WhiteFideId "-1"]
[WhiteFideId "-1"]
[PlyCount "72"]
[GameId "2160767909018617"]
[EventDate "2014.11.01"]
[EventType "swiss"]
[EventRounds "5"]
[EventCountry "CAN"]

1. e4 c5 2. c3 d5 3. exd5 Qxd5 4. d4 Nc6 5. Nf3 Bf5 6. Be3 e6 7. Be2 Nf6 8. O-O Ng4 9. Bf4 Be7 10. h3 Nf6 11. Be3 cxd4 12. cxd4 O-O 13. Nc3 Qd6 14. Qb3 Nb4 15. Rac1 Nbd5 16. Ne5 Nxe3 17. fxe3 Ne4 18. Rxf5 exf5 19. Nxe4 fxe4 20. Bc4 Qb4 21. Bxf7+ Kh8 22. Qxb4 Bxb4 23. Rc7 Rac8 24. Rxb7 Bd2 25. Nc4 Rxc4 26. Bxc4 Bxe3+ 27. Kh1 Bxd4 28. Re7 e3 29. Re4 Bb6 30. b4 g6 31. a4 Rd8 32. g4 Rd4 33. Rxd4 Bxd4 34. Kg2 Kg7 35. Kf3 Kf6 36. Ke4 Bc3 1/2-1/2

[Event "Guelph Fall ProAm"]
[Site "Guelph CAN"]
[Date "2014.11.02"]
[Round "5"]
[White "Preotu, Razvan"]
[Black "Bailey, Doug"]
[Result "1-0"]
[WhiteElo "2531"]
[BlackElo "2243"]
[WhiteFideId "-1"]
[WhiteFideId "-1"]
[PlyCount "61"]
[GameId "2160767909018618"]
[EventDate "2014.11.01"]
[EventType "swiss"]
[EventRounds "5"]
[EventCountry "CAN"]

1. e4 c5 2. Nf3 d6 3. d4 cxd4 4. Nxd4 Nf6 5. Nc3 g6 6. Be3 Bg7 7. f3 Nc6 8. Qd2 O-O 9. g4 Be6 10. Nxe6 fxe6 11. O-O-O Ne5 12. Be2 Rc8 13. Nb5 a6 14. Nd4 Qd7 15. h4 Nc4 16. Bxc4 Rxc4 17. h5 Kf7 18. hxg6+ hxg6 19. Bh6 Rg8 20. Bxg7 Rxg7 21. Qe2 Qa4 22. b3 Qa3+ 23. Kb1 Rc3 24. f4 Qb4 25. g5 Nd7 26. f5 exf5 27. exf5 Ne5 28. fxg6+ Rxg6 29. Rh8 Rxg5 30. Rf1+ Kg7 31. Qh2 1-0

[Event "Saint Louis SPICE Cup op 8th"]
[Site "Saint Louis"]
[Date "2014.10.22"]
[Round "3"]
[White "Le, Quang Liem"]
[Black "Preotu, Razvan"]
[Result "1/2-1/2"]
[WhiteElo "2706"]
[BlackElo "2405"]
[WhiteFideId "-1"]
[WhiteFideId "-1"]
[PlyCount "188"]
[GameId "1166658856202240"]
[EventDate "2014.10.21"]
[EventType "swiss"]
[EventRounds "9"]
[EventCountry "USA"]
[SourceTitle "EXT 2015"]
[Source "ChessBase"]
[SourceDate "2014.11.20"]
[SourceVersion "1"]
[SourceVersionDate "2014.11.20"]
[SourceQuality "1"]

1. d4 f5 2. g3 Nf6 3. Bg2 g6 4. Nf3 Bg7 5. O-O O-O 6. b3 Ne4 7. Bb2 c5 8. c4 Nc6 9. e3 e6 10. Nc3 b6 11. Qe2 Bb7 12. Rfd1 Qe7 13. Rac1 d6 14. Qe1 Nxc3 15. Bxc3 e5 16. d5 Nd8 17. Nd2 e4 18. f3 Bxc3 19. Rxc3 Qf6 20. Rc2 exf3 21. Nxf3 Nf7 22. Qc3 Qxc3 23. Rxc3 Rae8 24. Re1 Bc8 25. Kf2 Ne5 26. Nxe5 Rxe5 27. Rb1 Re7 28. Bf3 Kg7 29. b4 cxb4 30. Rxb4 Rc7 31. Ke2 Kf6 32. Kd2 Ke5 33. Be2 Rc5 34. Ra3 Rf7 35. Bd3 g5 36. Rb1 Rcc7 37. Rf1 h5 38. Rb3 h4 39. Rbb1 Rf6 40. gxh4 g4 41. h3 gxh3 42. Rf3 Rg7 43. Rxh3 Rg2+ 44. Kc3 Rxa2 45. Rg1 Rf8 46. Kb3 Rd2 47. Kc3 Ra2 48. h5 Ra3+ 49. Kd2 f4 50. Rg5+ Kf6 51. Rg6+ Ke7 52. Rf3 Rxd3+ 53. Kxd3 Bf5+ 54. Kd4 Bxg6 55. hxg6 Rg8 56. exf4 Rxg6 57. Ra3 a5 58. Rb3 Rg4 59. Ke4 Rg1 60. Rxb6 Rc1 61. Rb7+ Kd8 62. Kd3 Rd1+ 63. Kc2 Rd4 64. Kb3 Rxf4 65. Ra7 Rf1 66. Rxa5 Kc7 67. Ra8 Rb1+ 68. Kc2 Rh1 69. Ra6 Rh3 70. Rc6+ Kd7 71. Rb6 Kc7 72. Rb3 Rh2+ 73. Kc3 Rh3+ 74. Kb4 Rh1 75. Rg3 Rb1+ 76. Kc3 Rc1+ 77. Kd4 Rd1+ 78. Ke4 Rc1 79. Rg7+ Kd8 80. Kd3 Kc8 81. Ra7 Kd8 82. Rh7 Kc8 83. Rf7 Kd8 84. Ke4 Rxc4+ 85. Kf5 Ke8 86. Rh7 Kd8 87. Ke6 Rg4 88. Rf7 Rg1 89. Rd7+ Ke8 90. Kxd6 Ra1 91. Rb7 Ra6+ 92. Ke5 Kd8 93. Rh7 Rb6 94. d6 Rb1 1/2-1/2

[Event "Aurora Fall op"]
[Site "Aurora CAN"]
[Date "2014.10.04"]
[Round "1.2"]
[White "Cai, Jason"]
[Black "Preotu, Razvan"]
[Result "0-1"]
[WhiteElo "1877"]
[BlackElo "2339"]
[WhiteFideId "-1"]
[WhiteFideId "-1"]
[PlyCount "64"]
[GameId "2160767909035548"]
[EventDate "2014.10.04"]
[EventType "swiss"]
[EventRounds "5"]
[EventCountry "CAN"]

1. e4 c5 2. Nc3 Nc6 3. f4 e6 4. Nf3 d5 5. Bb5 Nge7 6. exd5 exd5 7. Qe2 Qd6 8. Ne5 f6 9. Nf3 Bg4 10. O-O O-O-O 11. Bxc6 Nxc6 12. Qf2 Qxf4 13. d3 Qf5 14. h3 Bxf3 15. Qxf3 Qxf3 16. Rxf3 Bd6 17. Nb5 Rhe8 18. Bf4 Bxf4 19. Rxf4 a6 20. Nc3 Nd4 21. Rf2 b5 22. Kf1 Kc7 23. Rc1 Kc6 24. Nb1 Re5 25. g4 h5 26. c3 Ne6 27. Re1 hxg4 28. hxg4 Rh8 29. Rxe5 fxe5 30. Na3 Nf4 31. Rd2 Rh1+ 32. Kf2 Rh2+ 0-1

[Event "Aurora Fall op"]
[Site "Aurora CAN"]
[Date "2014.10.04"]
[Round "2.2"]
[White "Preotu, Razvan"]
[Black "Zeromskis, Egidijus"]
[Result "1-0"]
[WhiteElo "2339"]
[BlackElo "2125"]
[WhiteFideId "-1"]
[WhiteFideId "-1"]
[PlyCount "59"]
[GameId "2160767909035557"]
[EventDate "2014.10.04"]
[EventType "swiss"]
[EventRounds "5"]
[EventCountry "CAN"]

1. e4 Nf6 2. e5 Nd5 3. d4 d6 4. c4 Nb6 5. exd6 cxd6 6. Nc3 g6 7. Be3 Bg7 8. Rc1 O-O 9. b3 e5 10. dxe5 dxe5 11. Qxd8 Rxd8 12. c5 Nd5 13. Rd1 Be6 14. Bc4 Nc6 15. Bxd5 e4 16. Nge2 Bxd5 17. Nxd5 Ne5 18. O-O Nd3 19. Nec3 f5 20. Bg5 Rd7 21. f3 h6 22. Bf6 Nxc5 23. fxe4 fxe4 24. Kf2 Nd3+ 25. Ke3 Rc8 26. Nxe4 Rxd5 27. Bxg7 Kxg7 28. Rxd3 Rxd3+ 29. Kxd3 Rc6 30. Kd4 1-0

[Event "Aurora Fall op"]
[Site "Aurora CAN"]
[Date "2014.10.04"]
[Round "3.1"]
[White "Sambuev, Bator"]
[Black "Preotu, Razvan"]
[Result "0-1"]
[WhiteElo "2562"]
[BlackElo "2339"]
[WhiteFideId "-1"]
[WhiteFideId "-1"]
[PlyCount "82"]
[GameId "2160767909035566"]
[EventDate "2014.10.04"]
[EventType "swiss"]
[EventRounds "5"]
[EventCountry "CAN"]

1. d4 Nf6 2. c4 g6 3. Nc3 Bg7 4. e4 d6 5. Nf3 O-O 6. Be2 e5 7. O-O Nc6 8. d5 Ne7 9. Ne1 Nd7 10. Be3 f5 11. f3 f4 12. Bf2 g5 13. Rc1 Ng6 14. c5 Nxc5 15. b4 Na6 16. Nd3 h5 17. Nb5 b6 18. Be1 Bh6 19. Rc3 Rf7 20. a3 Rg7 21. Nf2 Nf8 22. Kh1 Nh7 23. Rg1 Nf6 24. g3 g4 25. fxg4 hxg4 26. Bd2 Qe8 27. Qc2 Bd7 28. Nxc7 Nxc7 29. Rxc7 Qh5 30. Rxd7 Nxd7 31. Bxg4 Qe8 32. Be6+ Kh8 33. Ng4 Qh5 34. Qc6 Rag8 35. Qxd6 Rxg4 36. Bxg4 Rxg4 37. Qxd7 fxg3 38. Rg2 Rg8 39. Qa4 Bxd2 40. Qb3 Bf4 41. d6 Rc8 0-1

[Event "Aurora Fall op"]
[Site "Aurora CAN"]
[Date "2014.10.04"]
[Round "4.1"]
[White "Preotu, Razvan"]
[Black "Song, Michael"]
[Result "1/2-1/2"]
[Annotator "egis"]
[WhiteElo "2339"]
[BlackElo "2271"]
[WhiteFideId "-1"]
[WhiteFideId "-1"]
[PlyCount "96"]
[GameId "2160767909035572"]
[EventDate "2014.10.04"]
[EventType "swiss"]
[EventRounds "5"]
[EventCountry "CAN"]

1. e4 e5 2. Nf3 Nc6 3. Bb5 f5 4. d3 fxe4 5. dxe4 Nf6 6. Nc3 Bc5 7. Qd3 d6 8. Qc4 Bd7 9. O-O Qe7 10. Nd5 Nxd5 11. exd5 Nd4 12. Bxd7+ Qxd7 13. Nxd4 Bxd4 14. a4 a6 15. Be3 Bxe3 16. fxe3 O-O-O 17. Rf2 Rdf8 18. Raf1 Qe7 19. Qg4+ Kb8 20. Qh5 g6 21. Qh6 Rxf2 22. Rxf2 Qd7 23. Qh4 Re8 24. b3 Qg7 25. e4 a5 26. h3 b6 27. Rf6 h5 28. Qg5 Rf8 29. Rxf8+ Qxf8 30. Qxg6 Qf4 31. Qxh5 Qxe4 32. Qd1 Qe3+ 33. Kf1 Qf4+ 34. Ke2 Qg3 35. Qf1 e4 36. Qf2 Qc3 37. Kf1 Qa1+ 38. Qe1 Qf6+ 39. Ke2 Qg5 40. g4 Qxd5 41. Qg3 Qc5 42. c4 Qd4 43. Qe3 Qb2+ 44. Kf1 Qa1+ 45. Kf2 Qb2+ 46. Kg3 Qe5+ 47. Kh4 Qh8+ 48. Kg5 Qe5+ 1/2-1/2

[Event "Aurora Fall op"]
[Site "Aurora CAN"]
[Date "2014.10.04"]
[Round "5.1"]
[White "Plotkin, Mark"]
[Black "Preotu, Razvan"]
[Result "0-1"]
[WhiteElo "2019"]
[BlackElo "2339"]
[WhiteFideId "-1"]
[WhiteFideId "-1"]
[PlyCount "112"]
[GameId "2160767909035584"]
[EventDate "2014.10.04"]
[EventType "swiss"]
[EventRounds "5"]
[EventCountry "CAN"]

1. e4 c5 2. Nf3 d6 3. d4 cxd4 4. Nxd4 Nf6 5. Nc3 Nc6 6. Be2 g6 7. O-O Bg7 8. Be3 O-O 9. Nb3 Ne5 10. Kh1 Be6 11. f3 Nc4 12. Bxc4 Bxc4 13. Re1 b5 14. Nd2 Qc8 15. Nxc4 Qxc4 16. Bd4 e5 17. Bf2 b4 18. Nd5 Nxd5 19. exd5 Rfc8 20. Re2 a5 21. b3 Qa6 22. Rc1 Bh6 23. Be3 Bxe3 24. Rxe3 Qb6 25. Qd2 Qb5 26. c4 bxc3 27. Rexc3 Rxc3 28. Qxc3 Qxd5 29. Qc6 Qxc6 30. Rxc6 Rd8 31. Kg1 Kf8 32. Rc7 Ra8 33. Kf2 a4 34. b4 a3 35. b5 Rb8 36. Rc3 Rxb5 37. Rxa3 Rb2+ 38. Kg3 Ke7 39. Ra8 d5 40. Ra7+ Ke6 41. a4 d4 42. Ra8 Ra2 43. a5 Kd5 44. a6 Kc4 45. a7 Kd3 46. h4 f5 47. Re8 Rxa7 48. Rxe5 Rc7 49. h5 Kc2 50. hxg6 hxg6 51. Re6 d3 52. Rxg6 d2 53. Rd6 d1=Q 54. Rxd1 Kxd1 55. Kf4 Rf7 56. Ke3 f4+ 0-1

[Event "USA Chess Masters"]
[Site "Greensboro USA"]
[Date "2014.08.28"]
[Round "1.22"]
[White "Gutman, Joshua"]
[Black "Preotu, Razvan"]
[Result "0-1"]
[WhiteElo "2134"]
[BlackElo "2418"]
[WhiteFideId "-1"]
[WhiteFideId "-1"]
[PlyCount "54"]
[GameId "2130307666825112"]
[EventDate "2014.08.28"]
[EventType "swiss"]
[EventRounds "9"]
[EventCountry "USA"]
[SourceTitle "The Week in Chess 1034"]
[Source "Mark Crowther"]
[SourceDate "2014.09.01"]
[SourceVersion "1"]
[SourceVersionDate "2014.09.01"]
[SourceQuality "2"]

1. d4 Nf6 2. Nf3 c5 3. d5 e6 4. c4 exd5 5. cxd5 d6 6. Nc3 g6 7. e4 a6 8. Bg5 b5 9. b4 cxb4 10. Qd4 Bg7 11. Qxb4 O-O 12. Be2 h6 13. Bd2 a5 14. Qxb5 Ba6 15. Qa4 Re8 16. Bxa6 Nxa6 17. e5 Nc5 18. Qc4 Rc8 19. O-O dxe5 20. Rad1 e4 21. Nd4 Nd3 22. Nc6 Qd7 23. Rb1 Nxd5 24. Qxd5 Qxc6 25. Rb7 Qxd5 26. Nxd5 Rc5 27. Re7 Rxe7 0-1

[Event "USA Chess Masters"]
[Site "Greensboro USA"]
[Date "2014.08.30"]
[Round "5.13"]
[White "Viswanadha, Kesav"]
[Black "Preotu, Razvan"]
[Result "1/2-1/2"]
[WhiteElo "2253"]
[BlackElo "2418"]
[WhiteFideId "-1"]
[WhiteFideId "-1"]
[PlyCount "170"]
[GameId "2130307666825173"]
[EventDate "2014.08.28"]
[EventType "swiss"]
[EventRounds "9"]
[EventCountry "USA"]
[SourceTitle "The Week in Chess 1034"]
[Source "Mark Crowther"]
[SourceDate "2014.09.01"]
[SourceVersion "1"]
[SourceVersionDate "2014.09.01"]
[SourceQuality "2"]

1. d4 f5 2. Nc3 Nf6 3. Bg5 d5 4. Bxf6 exf6 5. e3 c6 6. Bd3 Bd6 7. Nge2 Qe7 8. Qd2 Be6 9. O-O-O Nd7 10. h3 O-O-O 11. Rdg1 g6 12. g4 fxg4 13. hxg4 Rhe8 14. Kb1 Kb8 15. f4 Bg8 16. Rh3 Bb4 17. a3 Ba5 18. f5 g5 19. Nc1 c5 20. Be2 Bc7 21. Nd3 cxd4 22. exd4 Nb6 23. Nc5 Nc4 24. Bxc4 dxc4 25. Qg2 Bf4 26. Rd1 Qc7 27. Rh6 Be3 28. Ne6 Bxe6 29. fxe6 Rxe6 30. d5 Rb6 31. Qe4 Qe5 32. Qxe5+ fxe5 33. Rxh7 Bd4 34. Kc1 Rf6 35. Ne4 Rf4 36. Nxg5 Rxd5 37. Rh8+ Kc7 38. Ne6+ Kd6 39. Nxd4 exd4 40. Rd8+ Kc6 41. Rc8+ Kb5 42. b3 Rc5 43. Rxc5+ Kxc5 44. Rg1 Rf6 45. g5 Rg6 46. bxc4 Kxc4 47. Kd2 b5 48. Rg4 a5 49. Kc1 Kd5 50. Kd1 Ke5 51. Kd2 Kf5 52. Rxd4 Kxg5 53. Rd5+ Kf4 54. Rxb5 Ke4 55. Rxa5 Kd4 56. Rb5 Rg2+ 57. Kc1 Kc4 58. Rb3 Rg8 59. Kb2 Ra8 60. Rb4+ Kc5 61. Kb3 Rh8 62. a4 Ra8 63. Rb5+ Kc6 64. Rh5 Rg8 65. Kb4 Rg1 66. Rh6+ Kb7 67. c4 Rb1+ 68. Kc5 Ra1 69. Rb6+ Kc7 70. Rb4 Rh1 71. Kb5 Kb7 72. a5 Rg1 73. c5 Rh1 74. Rb2 Rg1 75. a6+ Ka7 76. Rd2 Rb1+ 77. Kc6 Rh1 78. Re2 Rg1 79. Kd7 Kxa6 80. c6 Kb6 81. Rb2+ Ka7 82. Rc2 Rg7+ 83. Kd6 Rg6+ 84. Kc5 Rg5+ 85. Kb4 Kb8 1/2-1/2

[Event "USA Chess Masters"]
[Site "Greensboro USA"]
[Date "2014.08.31"]
[Round "7.8"]
[White "Bosiocic, Marin"]
[Black "Preotu, Razvan"]
[Result "1-0"]
[WhiteElo "2548"]
[BlackElo "2418"]
[WhiteFideId "-1"]
[WhiteFideId "-1"]
[PlyCount "154"]
[GameId "2130307666829290"]
[EventDate "2014.08.28"]
[EventType "swiss"]
[EventRounds "9"]
[EventCountry "USA"]
[SourceTitle "The Week in Chess 1035"]
[Source "Mark Crowther"]
[SourceDate "2014.09.08"]
[SourceVersion "2"]
[SourceVersionDate "2014.09.12"]
[SourceQuality "2"]

1. d4 Nf6 2. c4 g6 3. Nc3 Bg7 4. e4 d6 5. Nf3 O-O 6. Be2 e5 7. O-O Nc6 8. d5 Ne7 9. b4 Nh5 10. Re1 f5 11. Ng5 Nf6 12. Bf3 c6 13. Ba3 h6 14. Ne6 Bxe6 15. dxe6 fxe4 16. Nxe4 Nxe4 17. Bxe4 d5 18. cxd5 cxd5 19. b5 dxe4 20. Qxd8 Raxd8 21. Bxe7 Rde8 22. Bc5 Rxe6 23. Rxe4 a6 24. b6 Rc8 25. Be3 Kf7 26. h4 Rd6 27. h5 g5 28. g3 Ke6 29. Rb1 Kf5 30. Ra4 Bf8 31. Kg2 Rdc6 32. Rd1 Rd6 33. Rb1 Rdc6 34. Rd1 Rd6 35. Rxd6 Bxd6 36. Kf3 Rc2 37. Ra5 Ke6 38. Ke4 Rc4+ 39. Kd3 Rb4 40. Kc3 Rb5 41. Rxb5 axb5 42. Kd3 Kf5 43. f3 e4+ 44. fxe4+ Kg4 45. Bf2 Be5 46. Ke3 Kxh5 47. Kf3 g4+ 48. Ke3 Kg6 49. Kd3 Kf7 50. Be1 h5 51. Bf2 Ke6 52. Ke2 Kd7 53. Kd2 Kc6 54. Kd3 Kd7 55. Kd2 Ke6 56. Kd3 Kd6 57. Kd2 Kc6 58. Kd3 Bd6 59. Ke3 b4 60. Be1 Be5 61. Kd3 Kxb6 62. Kc4 Bc3 63. Bf2+ Kc6 64. Be3 Be5 65. Bf2 Bd6 66. Be1 Bc5 67. Bd2 b5+ 68. Kd3 h4 69. gxh4 g3 70. Bf4 g2 71. Bh2 g1=Q 72. Bxg1 Bxg1 73. h5 Kc5 74. e5 Kd5 75. h6 Bh2 76. e6 Kxe6 77. Kd4 Kd6 1-0

[Event "USA Chess Masters"]
[Site "Greensboro USA"]
[Date "2014.09.01"]
[Round "8"]
[White "Preotu, Razvan"]
[Black "Shimanov, Aleksandr"]
[Result "1-0"]
[WhiteElo "2418"]
[BlackElo "2635"]
[WhiteFideId "-1"]
[WhiteFideId "-1"]
[PlyCount "95"]
[GameId "2130307666829301"]
[EventDate "2014.08.28"]
[EventType "swiss"]
[EventRounds "9"]
[EventCountry "USA"]

1. e4 c6 2. d4 d5 3. e5 Bf5 4. Nf3 e6 5. Be2 Ne7 6. O-O Bg6 7. Nbd2 Nf5 8. Nb3 Nd7 9. a4 a6 10. a5 c5 11. dxc5 Nxc5 12. c3 Rc8 13. g4 Nh4 14. Nxh4 Qxh4 15. Nxc5 Bxc5 16. Qa4+ Rc6 17. Qf4 Qh3 18. Be3 Bxe3 19. fxe3 h6 20. Ra4 O-O 21. Rb4 Rc7 22. Rb6 Be4 23. Qg3 Qxg3+ 24. hxg3 Re8 25. Bf3 Bxf3 26. Rxf3 Ree7 27. Rf4 Kf8 28. Kf2 Ke8 29. Ke2 Kd8 30. Kd2 Rc5 31. b4 Rc8 32. e4 dxe4 33. Rxe4 Rd7+ 34. Kc2 Rdc7 35. Rd4+ Ke8 36. Rd3 Kf8 37. Kb3 Kg8 38. Rbd6 Kh7 39. Rd7 Kg6 40. Rxc7 Rxc7 41. c4 Kg5 42. b5 axb5 43. cxb5 f6 44. b6 Rf7 45. exf6 e5 46. Rc3 Rxf6 47. Rc7 Rf3+ 48. Kb4 1-0

[Event "North American-ch U20"]
[Site "Kitchener CAN"]
[Date "2014.07.31"]
[Round "1.3"]
[White "Preotu, Razvan"]
[Black "Nasir, Zehn"]
[Result "1-0"]
[WhiteElo "2341"]
[BlackElo "1918"]
[WhiteFideId "-1"]
[WhiteFideId "-1"]
[PlyCount "91"]
[GameId "2160767909052828"]
[EventDate "2014.07.31"]
[EventType "swiss"]
[EventRounds "9"]
[EventCountry "CAN"]
[SourceTitle "EXT 2022"]
[Source "ChessBase"]
[SourceDate "2021.10.06"]
[SourceVersion "1"]
[SourceVersionDate "2021.10.06"]
[SourceQuality "1"]

1. e4 c6 2. d4 d5 3. e5 Bf5 4. Nf3 e6 5. Be2 c5 6. Be3 Qb6 7. Nc3 a6 8. Na4 Qa5+ 9. c3 c4 10. O-O Nh6 11. Nh4 Bg6 12. b3 b5 13. Nc5 Bxc5 14. dxc5 Qxc3 15. Nxg6 hxg6 16. Bd4 Qb4 17. a4 Nc6 18. axb5 Nxd4 19. Qxd4 Nf5 20. Qf4 Qxb5 21. bxc4 dxc4 22. Qxc4 Qxc4 23. Bxc4 a5 24. Bb5+ Ke7 25. Rfd1 Rhd8 26. c6 Rxd1+ 27. Rxd1 Ra7 28. Ba4 f6 29. f4 Ne3 30. Rc1 Nd5 31. Kf2 Rc7 32. Kf3 Nb6 33. Bb5 Kd8 34. Ke4 Ra7 35. Kd4 Kc7 36. Ra1 Ra8 37. Kc5 Nd5 38. g3 Nb6 39. Ra3 Ra7 40. exf6 gxf6 41. Re3 a4 42. Rxe6 a3 43. Re7+ Kb8 44. Re2 a2 45. Kxb6 Ra6+ 46. Bxa6 1-0

[Event "North American-ch U20"]
[Site "Kitchener CAN"]
[Date "2014.07.31"]
[Round "2.3"]
[White "Plotkin, Mark"]
[Black "Preotu, Razvan"]
[Result "1/2-1/2"]
[WhiteElo "2036"]
[BlackElo "2341"]
[WhiteFideId "-1"]
[WhiteFideId "-1"]
[PlyCount "143"]
[GameId "2160767909052853"]
[EventDate "2014.07.31"]
[EventType "swiss"]
[EventRounds "9"]
[EventCountry "CAN"]
[SourceTitle "EXT 2022"]
[Source "ChessBase"]
[SourceDate "2021.10.06"]
[SourceVersion "1"]
[SourceVersionDate "2021.10.06"]
[SourceQuality "1"]

1. e4 c5 2. Nf3 Nc6 3. d4 cxd4 4. Nxd4 Nf6 5. Nc3 e5 6. Ndb5 d6 7. Bg5 a6 8. Na3 b5 9. Nd5 Be7 10. Bxf6 Bxf6 11. c4 b4 12. Nc2 a5 13. g3 O-O 14. Bg2 Bg5 15. O-O Be6 16. b3 Ne7 17. Nce3 Bxe3 18. fxe3 Bxd5 19. exd5 Qb6 20. Qd3 a4 21. Kh1 axb3 22. axb3 Ra3 23. Rac1 Qc5 24. Rc2 f5 25. Rcf2 Raa8 26. Bh3 g6 27. e4 Qd4 28. Qxd4 exd4 29. exf5 Nxf5 30. Bxf5 Rxf5 31. Rxf5 gxf5 32. Rxf5 d3 33. Rf1 Ra3 34. Rb1 d2 35. Rd1 Rxb3 36. Rxd2 Rc3 37. c5 Rxc5 38. Kg2 b3 39. Kf3 Rc2 40. Rd4 b2 41. Rb4 Kf7 42. Rb6 Rxh2 43. Ke4 Rd2 44. Ke3 Rg2 45. Kf3 Rc2 46. Kf4 Rd2 47. Ke3 Rxd5 48. Rxb2 Ke6 49. Rb7 h5 50. Rh7 Re5+ 51. Kf4 Kd5 52. Ra7 Re4+ 53. Kf3 Re5 54. Kf4 Ke6 55. Rh7 Rf5+ 56. Ke4 d5+ 57. Kd4 Rg5 58. Rh6+ Kf5 59. Kxd5 Kg4+ 60. Ke4 Kxg3 61. Ra6 h4 62. Ra3+ Kg4 63. Ke3 Kg3 64. Ke4+ Kh2 65. Kf4 Rg2 66. Ra1 h3 67. Kf3 Rg1 68. Ra2+ Kh1 69. Ra8 h2 70. Kf2 Rg2+ 71. Kf1 Rf2+ 72. Kxf2 1/2-1/2

[Event "North American-ch U20"]
[Site "Kitchener CAN"]
[Date "2014.08.01"]
[Round "3.6"]
[White "Preotu, Razvan"]
[Black "Sohal, Tanraj"]
[Result "0-1"]
[WhiteElo "2341"]
[BlackElo "2186"]
[WhiteFideId "-1"]
[WhiteFideId "-1"]
[PlyCount "90"]
[GameId "2160767909061073"]
[EventDate "2014.07.31"]
[EventType "swiss"]
[EventRounds "9"]
[EventCountry "CAN"]
[SourceTitle "EXT 2022"]
[Source "ChessBase"]
[SourceDate "2021.10.06"]
[SourceVersion "1"]
[SourceVersionDate "2021.10.06"]
[SourceQuality "1"]

1. e4 e6 2. d4 d5 3. Nd2 Nc6 4. Ngf3 Nf6 5. e5 Nd7 6. Be2 f6 7. exf6 Qxf6 8. Nf1 Bd6 9. Ne3 O-O 10. O-O Qg6 11. g3 Nf6 12. Nh4 Qe8 13. f4 Ne7 14. Ng4 Ne4 15. Nf3 b6 16. Bd3 Nf5 17. Nge5 c5 18. c3 Bb7 19. Qe2 a6 20. g4 Nh6 21. Be3 Nf7 22. Nd2 cxd4 23. cxd4 Nxe5 24. fxe5 Rxf1+ 25. Rxf1 Bb4 26. a3 Bxd2 27. Bxd2 Bc6 28. Bb4 Qg6 29. Bxa6 h5 30. Bd3 hxg4 31. Qe3 Bb7 32. Rf4 Rc8 33. Be2 g3 34. Rg4 gxh2+ 35. Kxh2 Qh5+ 36. Kg1 Qf5 37. Qf4 Qxf4 38. Rxf4 Rc1+ 39. Rf1 Ng3 40. Kf2 Nxe2 41. Rxc1 Nxc1 42. Ke3 Nb3 43. Bd6 Na5 44. Bc7 Nc4+ 45. Kf4 Nxb2 0-1

[Event "North American-ch U20"]
[Site "Kitchener CAN"]
[Date "2014.08.01"]
[Round "4.11"]
[White "Chen, Richard"]
[Black "Preotu, Razvan"]
[Result "0-1"]
[WhiteElo "1881"]
[BlackElo "2341"]
[WhiteFideId "-1"]
[WhiteFideId "-1"]
[PlyCount "88"]
[GameId "2160767909061103"]
[EventDate "2014.07.31"]
[EventType "swiss"]
[EventRounds "9"]
[EventCountry "CAN"]
[SourceTitle "EXT 2022"]
[Source "ChessBase"]
[SourceDate "2021.10.06"]
[SourceVersion "1"]
[SourceVersionDate "2021.10.06"]
[SourceQuality "1"]

1. e4 c5 2. Nf3 d6 3. d4 cxd4 4. Qxd4 Nc6 5. Bb5 Bd7 6. Bxc6 Bxc6 7. Nc3 e5 8. Qd3 h6 9. Be3 Nf6 10. h3 b5 11. a3 Qd7 12. Rd1 Qb7 13. Nd2 a5 14. f3 b4 15. Ne2 Bb5 16. Qb3 d5 17. exd5 a4 18. Qa2 Nxd5 19. Bf2 bxa3 20. c4 Nb4 21. Qb1 a2 22. Qf5 Bd7 23. Qxe5+ Be6 24. O-O Nd3 25. Qe3 Nxf2 26. Qxf2 Qxb2 27. Rfe1 a1=Q 28. Rxa1 Qxd2 29. Qb6 Rc8 30. Nd4 Qxd4+ 31. Qxd4 Bc5 32. Qxc5 Rxc5 33. Rxa4 O-O 34. Re4 Rfc8 35. Ra7 Rxc4 36. Re2 Rc2 37. Re3 Rd2 38. Kh2 Rcc2 39. Kg3 Rxg2+ 40. Kf4 Rc4+ 41. Ke5 Rd2 42. Ra5 Rh4 43. Ra8+ Kh7 44. f4 Rh5+ 0-1

[Event "North American-ch U20"]
[Site "Kitchener CAN"]
[Date "2014.08.02"]
[Round "5.7"]
[White "Preotu, Razvan"]
[Black "Ming, Wenyang"]
[Result "1-0"]
[WhiteElo "2341"]
[BlackElo "1782"]
[WhiteFideId "-1"]
[WhiteFideId "-1"]
[PlyCount "75"]
[GameId "2160767909061124"]
[EventDate "2014.07.31"]
[EventType "swiss"]
[EventRounds "9"]
[EventCountry "CAN"]
[SourceTitle "EXT 2022"]
[Source "ChessBase"]
[SourceDate "2021.10.06"]
[SourceVersion "1"]
[SourceVersionDate "2021.10.06"]
[SourceQuality "1"]

1. e4 c5 2. Nf3 d6 3. d4 cxd4 4. Nxd4 Nf6 5. Nc3 g6 6. Be3 Bg7 7. f3 O-O 8. Qd2 Nc6 9. g4 Bxg4 10. fxg4 Nxg4 11. Nb3 Nxe3 12. Qxe3 Ne5 13. O-O-O a5 14. a4 Rc8 15. Rd5 b6 16. Rb5 Rc6 17. Be2 e6 18. Rd1 Qc7 19. Nd4 Nc4 20. Qg3 Bh6+ 21. Kb1 Na3+ 22. Ka2 Rxc3 23. Qxc3 Qxc3 24. bxc3 Nxb5 25. Nxb5 Bf4 26. h3 Rc8 27. Kb3 Be5 28. Bc4 Rc6 29. Rd3 Kg7 30. Na3 Rc5 31. Ba6 f5 32. exf5 exf5 33. Nc4 f4 34. Nxd6 g5 35. Ne4 Kg6 36. Nxc5 bxc5 37. Kc4 h5 38. Bc8 1-0

[Event "North American-ch U20"]
[Site "Kitchener CAN"]
[Date "2014.08.02"]
[Round "6.4"]
[White "Kats, Alena"]
[Black "Preotu, Razvan"]
[Result "1-0"]
[WhiteElo "2126"]
[BlackElo "2341"]
[WhiteFideId "-1"]
[WhiteFideId "-1"]
[PlyCount "143"]
[GameId "2160767909061144"]
[EventDate "2014.07.31"]
[EventType "swiss"]
[EventRounds "9"]
[EventCountry "CAN"]
[SourceTitle "EXT 2022"]
[Source "ChessBase"]
[SourceDate "2021.10.06"]
[SourceVersion "1"]
[SourceVersionDate "2021.10.06"]
[SourceQuality "1"]

1. e4 c5 2. Nf3 d6 3. d4 cxd4 4. Nxd4 Nf6 5. Nc3 a6 6. Bg5 Nbd7 7. f4 Qc7 8. Qf3 h6 9. Bxf6 Nxf6 10. h3 e5 11. Nb3 b5 12. O-O-O Bb7 13. Nd5 Nxd5 14. exd5 Be7 15. Bd3 O-O 16. g4 exf4 17. h4 Qb6 18. Qxf4 Rae8 19. Kb1 Bd8 20. Nd4 Bxd5 21. Qf5 g6 22. Qxd5 Re5 23. Qg2 Qxd4 24. Bxg6 Qc5 25. Bd3 Kg7 26. g5 h5 27. Qf3 Qd5 28. Qxh5 Rh8 29. Qg4 Rxg5 30. Qd7 Rg3 31. Bf5 Qc5 32. Rhf1 Qc7 33. Rxd6 Qxd7 34. Rxd7 Bxh4 35. Be6 Rf8 36. Bxf7 Re3 37. Bb3+ Re7 38. Rg1+ Kh6 39. Rxe7 Bxe7 40. a4 bxa4 41. Bxa4 a5 42. Re1 Bf6 43. Be8 Kg5 44. Ka2 Rh8 45. Bb5 Rb8 46. c4 Kf4 47. Re6 Be5 48. Ra6 Rd8 49. Rb6 Rb8 50. Rg6 Kf5 51. Rg2 Bd6 52. Rd2 Bb4 53. Rd5+ Ke6 54. Kb3 Rb7 55. Ka4 Rc7 56. Ba6 Rc5 57. Rxc5 Bxc5 58. Kxa5 Kd6 59. b4 Bd4 60. Bb7 Kc7 61. Bf3 Bc3 62. Kb5 Bf6 63. c5 Bd4 64. Kc4 Bf2 65. b5 Be3 66. b6+ Kb8 67. Kb5 Bd4 68. c6 Be5 69. Bg4 Bd6 70. Kc4 Bf4 71. Kd5 Bg3 72. Ke6 1-0